000 00578nam a2200205 4500
001 86512
003 BD-RjUL
005 20260519103916.0
008 260519s1963 ii ||||| |||| 00| 0 urd d
035 _a(BD-RjUL)86512
040 _aBD-RjUL
_beng
_cBD-RjUL
041 _aurd
082 _223
_a297
_bHII 1963
100 _aAl-Hilal
_918523
245 1 0 _aانسانیت موت کے دروازے پر ;; Insaniyat mot ke darwaze par /
_cالہلال ;; Al-Hilal
260 _aLahore :
_bgosha i adab,
_c1963
300 _a255 p.;
_c18 cm
650 _aIslam
942 _2ddc
_cBK
999 _c86512
_d86512